| 000 | 00573nam a2200205Ia 4500 | ||
|---|---|---|---|
| 003 | GCL | ||
| 008 | 140319s9999 xx 000 0 ara d | ||
| 040 |
_aGCL / _cGCL |
||
| 082 | 0 | 4 |
_a229.1 _b:ح ف |
| 100 | 1 | _aحسين حسن سلامة | |
| 245 | 1 | 0 |
_aفى نور القران / _cحسين حسن سلامة |
| 260 |
_a[S.N] : _bالهيئة المصرية العامة للكتاب ، _c1992 |
||
| 300 | _a512 ص | ||
| 490 | _a | ||
| 650 | 0 | 4 | _aالاسلام |
| 650 | 0 | 4 | _aالديانات |
| 650 | 0 | 4 | _aالاداب |
| 650 | 0 | 4 | _aالقران |
| 942 |
_2ddc _cBK |
||
| 999 |
_c29544 _d29544 |
||